Java : (Record no. 35690)
[ view plain ]
| 000 -LEADER | |
|---|---|
| fixed length control field | 00559nam a22001817a 4500 |
| 005 - DATE AND TIME OF LATEST TRANSACTION | |
| control field | 20240506121450.0 |
| 008 - FIXED-LENGTH DATA ELEMENTS--GENERAL INFORMATION | |
| fixed length control field | 240506b |||||||| |||| 00| 0 eng d |
| 020 ## - INTERNATIONAL STANDARD BOOK NUMBER | |
| ISBN | 9780534382773 |
| 082 ## - DEWEY DECIMAL CLASSIFICATION NUMBER | |
| Classification number | 005.276 |
| Item number | LAM-J |
| 100 ## - MAIN ENTRY--AUTHOR | |
| Author Name | Lambert, Kenneth A. |
| 245 ## - TITLE STATEMENT | |
| Title | Java : |
| Remainder of title | A framework for programming and problem solving / |
| Statement of responsibility, etc. | Martin Obsborne |
| 260 ## - PUBLICATION, DISTRIBUTION, ETC. | |
| Place of Publication | USA: |
| Name of publisher, distributor, etc. | Cengage Laerning: |
| Date of publication, distribution, etc. | 2002. |
| 300 ## - PHYSICAL DESCRIPTION | |
| Pages | xviii, 683 p. : |
| 500 ## - GENERAL NOTE | |
| General note | include index. |
| 650 ## - SUBJECT ADDED ENTRY--TOPICAL TERM | |
| Subject / Department | computer science/java programming Language |
| 700 ## - ADDED ENTRY--PERSONAL NAME | |
| Personal name | Martin Obsborne |
| 300 ## - PHYSICAL DESCRIPTION | |
| -- | ill; |
| -- | 23 cm. |
| 952 ## - LOCATION AND ITEM INFORMATION (KOHA) | |
| -- | 0 |
| -- | 0 |
| Lost status | Damaged status | Collection code | Permanent Location | Current Location | Shelving Location | Date acquired | Full Call Number | Accession No./Barcode | Date last seen | item type | Koha item type |
|---|---|---|---|---|---|---|---|---|---|---|---|
| CS/IT | Superior Information Resource Center (SIRC) Superior University- Gold Campus | Superior Information Resource Center (SIRC) Superior University- Gold Campus | Java programming language | 05/06/2024 | 005.276 LAM-J 2002 | 16510 | 05/06/2024 | BOOK | BOOK |
